María Monserrat hace literatura infantil el caballo azul /
שמור ב:
| מחבר ראשי: | |
|---|---|
| פורמט: | לא ידוע |
| שפה: | Spanish |
| נושאים: | |
| תגים: |
הוספת תג
אין תגיות, היה/י הראשונ/ה לתייג את הרשומה!
|
MARC
| LEADER | 000000000a22000000004500 | ||
|---|---|---|---|
| 001 | 006522 | ||
| 041 | 0 | |a spa | |
| 100 | 1 | |a Carvajal, Miguel | |
| 245 | 1 | 0 | |a María Monserrat hace literatura infantil el caballo azul / |c Miguel Carvajal. |
| 310 | |a trimestral | ||
| 650 | 4 | |a MONSERRAT, MARIA | |
| 650 | 4 | |a EL CABALLO AZUL | |
| 650 | 4 | |a CRÍTICA LITERARIA | |
| 773 | 0 | |d Estados Unidos : Instituto Internacional de Literatura |t Revista Iberoamericana |g volumen LVIII, número 160-161 (1992), páginas 1191-1193 | |
| 942 | |c ARC | ||
| 999 | |c 12907 |d 12907 | ||
